000 00738nam a22002417a 4500
005 20170124110151.0
010 _a229705
020 _c00.00
035 _a229705
037 _bCen Lib/Ret
040 _aDPL
_bEN
082 _a616.8
_bBUR
100 _aBurrow, Trigant
_933972
245 _aScience and man's behavior :
_cby Trigant Burrow; edited by William E. Galt
_bthe contribution of phylobiology /
260 _aNew York
_bPhilosophical Library
_c1953
270 _bNew York
_a14 East 40th Street
300 _axii,564p.
_c21cm(Hb)
500 _aIncludes index
650 _aPsychophysiology
_933973
650 _aBehavior
_933974
700 _aGalt, William E.
_933959
942 _2ddc
_cEN
_h616.8
_mBUR
999 _c132191
_d132191